Apertura del curso 1888 a 89 / (Record no. 68776)

MARC details
000 -LEADER
campo de control de longitud fija 00745nam a2200229 i 4500
001 - NÚMERO DE CONTROL
campo de control 68776
003 - IDENTIFICADOR DE NÚMERO DE CONTROL
campo de control ES-MaACL
005 - FECHA Y HORA DE LA ÚLTIMA TRANSACCIÓN
campo de control 20250825214712.0
007 - CAMPO FIJO DE DESCRIPCIÓN FÍSICA--INFORMACIÓN GENERAL
campo de control de longitud fija t|
008 - DATOS DE LONGITUD FIJA--INFORMACIÓN GENERAL
campo de control de longitud fija 040708s1888 sp ||||1| spa d
110 2# - ENTRADA PRINCIPAL--NOMBRE DE ENTIDAD CORPORATIVA
Nombre de entidad corporativa o nombre de jurisdicción como elemento de entrada Ateneo Científico-Literario de Valencia.
9 (RLIN) 170945
245 10 - MENCIÓN DEL TÍTULO
Título Apertura del curso 1888 a 89 /
Mención de responsabilidad, etc. [ por Casimiro López Chavarri y Amalio Gimeno].
260 ## - PUBLICACIÓN, DISTRIBUCIÓN, ETC.
Lugar de publicación, distribución, etc. Valencia :
Nombre del editor, distribuidor, etc. [s.n.],
Fecha de publicación, distribución, etc. 1888 (
Fabricante Imp. de José Ortega)
300 ## - DESCRIPCIÓN FÍSICA
Extensión 40 p. ;
Dimensiones 27 cm.
500 ## - NOTA GENERAL
Nota general Precede al tít.: Ateneo de Valencia.
500 ## - NOTA GENERAL
Nota general Tema: Del placer.
650 04 - PUNTO DE ACCESO ADICIONAL DE MATERIA--TÉRMINO DE MATERIA
Término de materia o nombre geográfico como elemento de entrada Placer.
9 (RLIN) 16100
700 1# - ENTRADA AGREGADA--NOMBRE PERSONAL
Nombre de persona López Chavarri, Casimiro.
9 (RLIN) 73506
700 1# - ENTRADA AGREGADA--NOMBRE PERSONAL
Nombre de persona Gimeno, Amalio,
Fechas asociadas al nombre 1850-1936
9 (RLIN) 57076
852 ## - LOCALIZACIÓN
Ubicación ES-MaACL
Número de control de estantería T-522-F-4
Holdings
Estatus retirado Estado de pérdida Estado de daño No para préstamo Colección Biblioteca de origen Biblioteca actual Ubicación en estantería Fecha de adquisición Fuente de adquisición Total de préstamos Signatura topográfica completa Código de barras Visto por última vez Precio de reemplazo Tipo de ítem Koha
        Colección de folletos Biblioteca del Ateneo de Madrid Biblioteca del Ateneo de Madrid Depósito folletos 17/01/2008     T-522-F-4 1072010 23/02/2023 23/02/2023 Folleto